Bulletin of Material Science (Record no. 22670)

MARC details
000 -LEADER
fixed length control field 00334nas a22001337a 4500
003 - CONTROL NUMBER IDENTIFIER
control field VITAP
005 - DATE AND TIME OF LATEST TRANSACTION
control field 20181119120512.0
008 - FIXED-LENGTH DATA ELEMENTS--GENERAL INFORMATION
fixed length control field 181029b ||||| |||| 00| 0 eng d
022 ## - INTERNATIONAL STANDARD SERIAL NUMBER
International Standard Serial Number 0250-4707
040 ## - CATALOGING SOURCE
Transcribing agency VITAP
245 ## - TITLE STATEMENT
Title Bulletin of Material Science
260 ## - PUBLICATION, DISTRIBUTION, ETC.
Place of publication, distribution, etc. Bengaluru
Name of publisher, distributor, etc. Indian Academy of Sciences
942 ## - ADDED ENTRY ELEMENTS (KOHA)
Source of classification or shelving scheme Dewey Decimal Classification
Koha item type Printed Journal
Serial record 1

No items available.

Visitor Number: